Trả lời về pháp luật
Saved in:
| Format: | Book |
|---|---|
| Language: | Undetermined |
| Published: |
Tp. HCM
Nxb. Tp. HCM
1984
|
| Subjects: | |
| Tags: |
Add Tag
No Tags, Be the first to tag this record!
|
| Institutions: | Trung tâm Học liệu Trường Đại học Cần Thơ |
|---|
| LEADER | 00489nam a2200157Ia 4500 | ||
|---|---|---|---|
| 001 | CTU_5927 | ||
| 008 | 210402s9999 xx 000 0 und d | ||
| 082 | |a 342.597 | ||
| 082 | |b Tr100 | ||
| 245 | 0 | |a Trả lời về pháp luật | |
| 260 | |a Tp. HCM | ||
| 260 | |b Nxb. Tp. HCM | ||
| 260 | |c 1984 | ||
| 650 | |a constitutions, state - vietnam,law - study and teaching - vietnam | ||
| 904 | |i Nguyễn Quang Điền, 960806 | ||
| 980 | |a Trung tâm Học liệu Trường Đại học Cần Thơ | ||